HUMAN RESOURCE MANAGEMENT: TEXT AND CASES (Record no. 10455)

MARC details
000 -LEADER
fixed length control field 00599nam a22001577a 4500
003 - CONTROL NUMBER IDENTIFIER
control field SGT
020 ## - INTERNATIONAL STANDARD BOOK NUMBER
International Standard Book Number 9788121923002
082 ## - DEWEY DECIMAL CLASSIFICATION NUMBER
Classification number 658.3 KHA
100 ## - MAIN ENTRY--PERSONAL NAME
Personal name KHANKA,S.S
245 ## - TITLE STATEMENT
Title HUMAN RESOURCE MANAGEMENT: TEXT AND CASES
260 ## - PUBLICATION, DISTRIBUTION, ETC. (IMPRINT)
Place of publication, distribution, etc NEW DELHI
Name of publisher, distributor, etc S.CHAND
Year of Publication 2016
300 ## - PAGE DESCRIPTION
No. of Pages 449
650 ## - SUBJECT ADDED ENTRY--TOPICAL TERM
Topical term or geographic name as entry element HUMAN RESOURCE MANAGEMENT
653 ## - KEYWORDS--INDEX TERM
Keyword term Section - I Environment And Strategies Section-Ii Acquisition And Absorption Section - Iii Development Section – Iv Maintenance And Retention Section - V Control Section - Vi Miscellaneous Section – Vii Cases From Indian Organisations
942 ## - ADDED ENTRY ELEMENTS (KOHA)
Source of classification or shelving scheme Dewey Decimal Classification
Koha item type FCM Books
942 ## - ADDED ENTRY ELEMENTS (KOHA)
-- 77
Holdings
Withdrawn status Lost status Source of classification or shelving scheme Damaged status Not for loan Collection code Home library Current library Shelving location Date acquired Vendor Name Cost, normal purchase price SGTU Bill Number Total Checkouts Full call number Accession No. (Barcode) Date last seen Date last borrowed Bill Date Koha item type
    Dewey Decimal Classification     COMMERCE MANAGEMENT SGT Science & Social Sciences Library SGT Science & Social Sciences Library On Display 18/01/2017 INDIAN PUBLISHER & DISTRIBUTORS 425.00 SGTU 117 44 658.3 KHA CM3431 10/09/2025 10/09/2025 20/12/2016 FCM Books
    Dewey Decimal Classification     COMMERCE MANAGEMENT SGT Science & Social Sciences Library SGT Science & Social Sciences Library On Display 18/01/2017 INDIAN PUBLISHER & DISTRIBUTORS 425.00 SGTU 117 48 658.3 KHA CM3432 26/06/2025 20/06/2025 20/12/2016 FCM Books
    Dewey Decimal Classification     COMMERCE MANAGEMENT SGT Science & Social Sciences Library SGT Science & Social Sciences Library On Display 18/01/2017 INDIAN PUBLISHER & DISTRIBUTORS 425.00 SGTU 117 43 658.3 KHA CM3433 17/09/2025 04/09/2025 20/12/2016 FCM Books
    Dewey Decimal Classification     COMMERCE MANAGEMENT SGT Science & Social Sciences Library SGT Science & Social Sciences Library On Display 18/01/2017 INDIAN PUBLISHER & DISTRIBUTORS 425.00 SGTU 117 51 658.3 KHA CM3434 23/06/2025 11/06/2025 20/12/2016 FCM Books
    Dewey Decimal Classification   Not For Loan COMMERCE MANAGEMENT SGT Science & Social Sciences Library SGT Science & Social Sciences Library Reference Book 18/01/2017 INDIAN PUBLISHER & DISTRIBUTORS 425.00 SGTU 117   658.3 KHA CM3435 18/01/2017   20/12/2016 FCM Books